Central Library OPAC University of Rajshahi

Capitalism and the Chinese peasant : (Record no. 58234)

MARC details
000 -LEADER
fixed length control field 00858nam a2200253 a 4500
001 - CONTROL NUMBER
control field 58234
003 - CONTROL NUMBER IDENTIFIER
rucl marc code BD-RJUL
005 - DATE AND TIME OF LATEST TRANSACTION
control field 20211209080611.0
008 - FIXED-LENGTH DATA ELEMENTS--GENERAL INFORMATION
fixed length control field 161217s1968 enkab 001 0 eng d
035 ## - SYSTEM CONTROL NUMBER
System control number (BD-RjUL)58358
040 ## - CATALOGING SOURCE
Original cataloging agency BD-RjUL
Language of cataloging eng
Transcribing agency BD-RjUL
Modifying agency BD-RjUL
041 ## - LANGUAGE CODE
Language code of text/sound track or separate title eng
082 ## - DEWEY DECIMAL CLASSIFICATION NUMBER
Edition number 23
Classification number 330.95125
Author mark and year POC 1968
100 1# - MAIN ENTRY--PERSONAL NAME
Personal name Potter, Jack M.
9 (RLIN) 172987
245 10 - TITLE STATEMENT
Title Capitalism and the Chinese peasant :
Remainder of title social and economic change in a Hong Kong village /
Statement of responsibility, etc. Jack M. Potter
260 ## - PUBLICATION, DISTRIBUTION, ETC. (IMPRINT)
Place of publication, distribution, etc. Berkeley :
Name of publisher, distributor, etc. University of california Press,
Date of publication, distribution, etc. c1968.
300 ## - PHYSICAL DESCRIPTION
Pagination xiii, 215 p. :
Illustrations ill. ;
Size 24 cm.
504 ## - BIBLIOGRAPHY, ETC. NOTE
Bibliography, etc Includes bibliography and index
650 #0 - SUBJECT ADDED ENTRY--TOPICAL TERM
Topical term or geographic name as entry element Agriculture
General subdivision Economic aspects
Geographic subdivision China
-- Hong Kong
9 (RLIN) 172988
651 #0 - SUBJECT ADDED ENTRY--GEOGRAPHIC NAME
Geographic name Hong Kong
General subdivision Rural conditions
9 (RLIN) 172989
Geographic name China
Geographic subdivision Hong Kong
9 (RLIN) 174546
942 ## - ADDED ENTRY ELEMENTS (KOHA)
Source of classification or shelving scheme Dewey Decimal Classification
Koha item type Books
Holdings
Lost status Source of classification or shelving scheme Damaged status Not for loan Collection code Permanent Location Current Location Shelving location Date acquired Source of acquisition Cost, normal purchase price Total Checkouts Full call number Date last seen Copy number Koha item type
  Dewey Decimal Classification   Not For Loan Non-fiction Central Library, University of Rajshahi Central Library, University of Rajshahi Reading Room 13/04/1977 W. Heffer and Sons 7.00   330.95125 POC 1968 17/12/2016 C-1 Books